| 000 | 00672nam a2200193Ii 4500 | ||
|---|---|---|---|
| 003 | JO-AjNU | ||
| 008 | 230605s9999||||xx |||||||||||||| ||und|| | ||
| 040 |
_aJO-AjNU _bara _erda _cJO-AjNU |
||
| 041 | _aara | ||
| 050 | 1 | 4 | _aBP76.8.M7582 |
| 100 | 3 |
_aالكيلاني،علاء الدين شمس الدين, _eauthor _919286 |
|
| 245 | 0 | 0 | _aالنبؤة والإعجاز في القرآن والسنة |
| 264 | 3 | 1 | _aد.م:مكتبة دار الكتب العلمية،د.ت |
| 300 | _a136ص | ||
| 336 |
_atext _btxt _2rdacontent |
||
| 337 |
_aunmediated _bn _2rdamedia |
||
| 338 |
_avolume _bnc _2rdacarrier |
||
| 650 | 4 |
_aالاعجاز في السنة النبوية _919287 |
|
| 999 |
_aA6334 _c9902 _d9902 |
||